| 000 | 03000cam a2201093 i 4500 | ||
|---|---|---|---|
| 003 | PE-LiUPU | ||
| 005 | 20250813185655.0 | ||
| 008 | 780502s1979 nyua b 001 0 eng | ||
| 040 |
_bspa _cPE-LiUPU _dPE-LiUPU _erda |
||
| 082 | 0 | 0 |
_a370.78 _220 _bB732e |
| 100 | 1 |
_aBorg, Walter R. _eautor. |
|
| 245 | 1 | 0 |
_aEducational research : _ban introduction / _cWalter R. Borg. |
| 250 | _aPrimera edición | ||
| 264 |
_aNew York : _bDavid Mc Kay Company, _c1963. |
||
| 300 |
_a418 páginas : _bilustrado ; _c23.5 centímetros. |
||
| 504 | _aContiene referencias anotadas después de cada capítulo e indice | ||
| 505 | _aEducation as a Science -- Locating a problem and formulating a tentative research plan -- Reviewing the literature -- Gathering research data -- Standard measures -- Statistical tools -- Statistical tools (concluded) -- Fundamentals of research design -- Historical research -- The Methods and tools of descriptive research -- The Methods and tools of descriptive research (concluded) -- Studying relationships -- Experimental research in education -- Action research -- Critical evaluation of research -- Processing research data -- Preparing the research report -- An overview. | ||
| 526 | _aP202 | ||
| 526 | _aP201 | ||
| 526 | _aP163 | ||
| 526 | _aP162 | ||
| 526 | _aP161 | ||
| 526 | _aP160 | ||
| 526 | _aP148 | ||
| 526 | _aP147 | ||
| 526 | _aP146 | ||
| 526 | _aP145 | ||
| 526 | _aP144 | ||
| 526 | _aP143 | ||
| 526 | _aP142 | ||
| 526 | _aP141 | ||
| 526 | _aP140 | ||
| 526 | _aP139 | ||
| 526 | _aP138 | ||
| 526 | _aP137 | ||
| 526 | _aP136 | ||
| 526 | _aP135 | ||
| 526 | _aP134 | ||
| 526 | _aP133 | ||
| 526 | _aP129 | ||
| 526 | _aP128 | ||
| 526 | _aP127 | ||
| 526 | _aP120 | ||
| 526 | _aP119 | ||
| 526 | _aP118 | ||
| 526 | _aP116 | ||
| 526 | _aP115 | ||
| 526 | _aP114 | ||
| 526 | _aP110 | ||
| 526 | _aP109 | ||
| 526 | _aP108 | ||
| 526 | _aP104 | ||
| 526 | _aP103 | ||
| 526 | _aP102 | ||
| 526 | _aP99 | ||
| 526 | _aP98 | ||
| 526 | _aP97 | ||
| 526 | _aP96 | ||
| 526 | _aP95 | ||
| 526 | _aP93 | ||
| 526 | _aP90 | ||
| 526 | _aP89 | ||
| 526 | _aP88 | ||
| 526 | _aP83 | ||
| 526 | _aP82 | ||
| 526 | _aP62 | ||
| 526 | _aP59 | ||
| 526 | _aP58 | ||
| 526 | _aP57 | ||
| 526 | _aP51 | ||
| 526 | _aP49 | ||
| 526 | _aP48 | ||
| 526 | _aP47 | ||
| 526 | _aP29 | ||
| 526 | _aP24 | ||
| 526 | _aP20 | ||
| 526 | _aP19 | ||
| 526 | _aP17 | ||
| 526 | _aP15 | ||
| 526 | _aP14 | ||
| 526 | _aP12 | ||
| 526 | _aP10 | ||
| 526 | _aP09 | ||
| 526 | _aP08 | ||
| 526 | _aP07 | ||
| 526 | _aP06 | ||
| 526 | _aP05 | ||
| 526 | _aP04 | ||
| 526 | _aP01 | ||
| 650 | 0 |
_aEducación _xInvestigaciones _91482 |
|
| 942 |
_2ddc _cBK |
||
| 980 |
_623148 _aAnálisis Documental EVILA ACOSTA _81 _gALBERTO SANCHEZ Responsable de Automatización |
||
| 999 |
_c61886 _d61886 |
||